El socialismo /
El socialismo llegó a la Argentina desde Europa, a fines del siglo XIX. Fue Juan B. Justo quien reunió a los socialistas en un partido único que, inicialmente, contó con una fuerte base de trabajadores e impulsó medidas para transformar la realidad.
Guardado en:
| Autor Principal: | |
|---|---|
| Autor Corporativo: | |
| Formato: | |
| Publicado: |
Argentina,
2011
|
| Series: | Historia de los partidos políticos
|
| Materias: | |
| Acceso en línea: | https://www.educ.ar/recursos/100147/el-socialismo |
| Etiquetas: |
Agregar Etiqueta
Sin Etiquetas, Sea el primero en etiquetar este registro!
|
| LEADER | 01084ngm a22002775g 4500 | ||
|---|---|---|---|
| 001 | CEM.cems023575 | ||
| 008 | 130507s2011##################0###0#####d | ||
| 005 | 20250609140914.0 | ||
| 245 | 1 | 0 | |a El socialismo / |c Emanuel Flax. |
| 260 | |a Argentina, |c 2011 | ||
| 300 | |a 28'. | ||
| 490 | 0 | |a Historia de los partidos políticos | |
| 520 | |a El socialismo llegó a la Argentina desde Europa, a fines del siglo XIX. Fue Juan B. Justo quien reunió a los socialistas en un partido único que, inicialmente, contó con una fuerte base de trabajadores e impulsó medidas para transformar la realidad. | ||
| 538 | |a Soporte: DVD - Color: Si - Grabación DRD | ||
| 500 | |a Consultar en ventanilla. | ||
| 100 | 1 | |a Flax, Emanuel | |
| 710 | 2 | |a canal Encuentro. | |
| 082 | 9 | 8 | |/ FLA |
| 653 | |a HISTORIA | ||
| 653 | |a HISTORIA ARGENTINA | ||
| 653 | |a PARTIDOS POLITICOS | ||
| 653 | |a SOCIALISMO | ||
| 653 | |a SERIE DE TELEVISIÓN | ||
| 653 | |a DOCUMENTAL | ||
| 856 | |u https://www.educ.ar/recursos/100147/el-socialismo | ||
| 859 | |a CEMS |b BIB. CEMS - Depto. Recursos Didacticos |h 982 |i FLA |k DRD |p 2218.15 |t Ej.1 | ||
